| 000 | 00473nam a22001577a 4500 | ||
|---|---|---|---|
| 999 |
_c528432 _d528432 |
||
| 082 | _a510 | ||
| 100 | _aMajeed, Bushra | ||
| 245 |
_aDark Energy and the Accelerated Expansion of the Universe / _cBushra Majeed. |
||
| 260 |
_aIslamabad: _bCAMP - NUST, _c2012. |
||
| 300 |
_a62 p.: ill.; _c30cm. |
||
| 942 |
_2ddc _cTHE |
||
| 650 |
_aM. Phil Thesis _919286 |
||
| 700 |
_aDr. Azad Akhter _920197 |
||